| 000 | 00929nam a22002537a 4500 | ||
|---|---|---|---|
| 001 | 9060 | ||
| 003 | FISKH | ||
| 005 | 20251118121102.0 | ||
| 008 | 251118b cb ||||| |||| 00| 0 eng d | ||
| 020 | _a9789996343070 | ||
| 040 |
_aFISKH _bkhr _cFISKH _dFISKH |
||
| 082 | _a398.2 | ||
| 100 | _aSameourn, Uk | ||
| 245 |
_aHome of stories / _cគណះកម្មការនិពន្ធ លោក អ៊ុក សំអឿន និងលោក ឡុង សុខហ៊ាង , គណះកម្មការត្រួតពិនិត្យ ប៉ាវ មុនីសុខា |
||
| 260 |
_aPhnom Penh : _bOpen Mind , |
||
| 300 |
_a82 pages : _bcolor illustrations ; _c30 pages . |
||
| 505 | _aR | ||
| 521 | 8 |
_a780
_bLexile estimate |
|
| 521 | 8 |
_aR
_bRaz-Plus |
|
| 650 |
_aHome of stories _vChildren's Stories |
||
| 700 |
_aTola, Morm _eIllustrator |
||
| 942 |
_2ddc _cKHB _n0 |
||
| 999 |
_c9060 _d9060 |
||